000 00444nab a2200145Ia 4500
003 ES-SlBCS
005 20210601145845.0
008 140529s1926 xxu||||| |||| 00| 0 spa d
041 _aspa
100 1 _aGonzález, Celso
_9317510
245 0 0 _aSan Pedro Canisio favoroso amador de la Santa Sede
_c Celso González
600 1 4 _aPedro Canisio, San
_9196831
773 0 _tSal Terrae
_gvol. 15, nº. 174, 1926, págs. 446-454
_wRev410
942 _cAR
999 _c731111
_d731111